000 00611cam a22002293a 4500
001 31753
003 PGUSA
005 20140828083703.0
008 100324s2010||||xxu|||||s|||||000 1 eng d
040 _aPGUSA
_beng
042 _adc
050 4 _aPT
100 1 _aBusken Huet, Conrad,
_d1826-1886
245 1 0 _aLidewyde
_h[electronic resource] /
_cConrad Busken Huet
260 _bProject Gutenberg,
_c2010
506 _aPublic domain in the USA.
516 _aElectronic text
653 _aFiction
830 0 _aProject Gutenberg
_v31753
856 4 0 _uhttp://www.gutenberg.org/ebooks/31753
942 _cEB
999 _c261008
_d261008